000 00332nam a2200145Ia 4500
008 090124s9999 xx 000 0 und d
082 _b303342
245 _a शपथ
250 _a1
260 _bदेशमुख सुधाकर
_c1997
300 _a98
630 _a शपथ
730 _a शपथ
942 _cBOOK
999 _c192979
_d192979